000 00502 a2200145 4500
999 _c10834
_d10834
022 _I0000
050 _aLA1503. REV 2020
110 _aThe World Bank Group
245 _aRevitalizing Zimbabwe's tertiary education sector to support a robust economic recovery/
_cWorld Bank Group
264 _aWashington DC:
_bThe International Bank for Reconstruction and Development.,
_c2020
300 _axii., 96 pages
500 _aNo index
650 _aTertiary education
942 _2lcc
_cSERIALS
_h1503
_iREV
_kLA